00290nam a2200121Ia 4500008004100000041000900041082001900050100001900069245002500088260003900113300000800152650000800160230718s9999 xx 000 0 und d aEng. a658.403bLEA-B alearning media 0aBusiness information aPakistanbBpp learning mediac2002 a164 aLaw